000 01107nam a22002537a 4500
001 5774
003 FISKH
005 20250122150900.0
008 250121b cb ||||| |||| 00| 0 eng d
020 _a9780521185165
040 _aFISKH
_beng
_cFISKH
_dFISKH
050 _aPE1128.A2
082 _a428.240712
100 _aBrook-Hart, Guy
245 _aComplete IELTS Bands 5-6.5 teacher's book /
_cBy Guy Brook-Hart and Vanessa Jakeman with David Jay
260 _aCambridge :
_bCambridge University Press ,
_c2012.
300 _a101 pages :
_billustrations ;
_c28 cm .
520 _aComplete IELTS combines the very best in contemporary classroom practice with stimulating topics aimed at young adults wanting to study at university. The Teacher's Book contains full teaching notes, answer keys and advice on exam tasks, and also provides extra photocopiable resources, including tests and activities to use in class.
650 _aNew Education Books Summer 2013
_vnon-fiction
700 _aJakeman, Vanessa
_eauthor
700 _aJay, David
_eauthor
942 _2ddc
_cBK
_n0
999 _c5774
_d5774